Mots patouesque - Statistiques

Statistiques générales
  • Ce quiz a été pris 17 fois
  • Le résultat moyen est 3 sur 12
Answers on the Grid
Answers color-coded by a green-red scale on the quiz's grid according to % correct below.
trifte
futain
comment
Lafinou
attenfion
gorze
afarfement
faigne
Averbaidvan
vygamafique
norvève
afareil
premièrement
efervefanfe
oifeau
roufe
rouve
faouw
norvèze
ensuite
 
Statistiques - réponses
Réponse % Correct
futain
78%
attenfion
44%
faigne
44%
trifte
44%
gorze
33%
afareil
22%
norvèze
22%
Averbaidvan
11%
efervefanfe
11%
faouw
11%
Lafinou
11%
rouve
11%
Aucun quiz correspondant
Distribution des résultats
% des personnes avec chaque résultat
Percentile par nombre de réponses
Votre historique - résultats
Vous n’avez pas pris ce quiz